Fast Math | Easy - Statistics

General Stats
  • This quiz has been taken 84 times
  • The average score is 25 of 25
Answer Stats
Hint Answer % Correct
3/3 1
100%
4+9 13
100%
1+1 2
100%
4/2 2
100%
1+2 3
100%
2x2 4
100%
10/2 5
100%
19-13 6
100%
42/7 6
100%
2-(-4) 6
100%
20-14 6
100%
5+2 7
100%
72-65 7
100%
2+6 8
100%
7+1 8
100%
2+(2x4) 10
99%
3x4 12
99%
5x3 15
99%
45+3 48
99%
70-3 67
99%
4+5 9
99%
6x7 42
97%
12x9 108
96%
12x12 144
96%
12x11 132
94%
No matching quizzes found
Score Distribution
Percent of People with Each Score
Percentile by Number Answered
Your Score History
You have not taken this quiz